[Event "XIV Figueira da Foz Open 2020"]
[Site "Figueira da Foz"]
[Date "2020.10.29"]
[Round "7.12"]
[White "Pipiras, Filipa Fortuna"]
[Black "Santos, Antonio P"]
[Result "1/2-1/2"]
[WhiteElo "1912"]
[BlackElo "2123"]
[Annotator "TA"]
[PlyCount "112"]
[EventDate "2020.10.24"]
[EventType "swiss"]
[EventCountry "POR"]
[SourceTitle "playchess.com"]
[Source "ChessBase"]
[SourceQuality "1"]

{[%evp 22,112,37,37,34,35,35,31,43,35,38,35,33,19,40,41,53,48,89,58,47,58,46,35,51,53,46,41,54,59,47,16,39,13,40,2,106,-10,93,24,122,123,102,12,12,12,193,185,189,198,191,62,73,73,73,75,78,78,70,46,130,118,168,112,132,102,132,132,143,143,193,186,186,182,170,162,158,0,0,0,0,0,0,0,0,0,0,0,0,0,0,0,0]} 1. d4 {Ribli,Z} Nf6 2. Nf3 g6 3. c4 c5 4. Nc3 cxd4 5. Nxd4 Bg7 6. g3 O-O 7. Bg2 Nc6 8. O-O Nxd4 9. Qxd4 d6 10. Qd3 a6 11. Bd2 Rb8 12. Rac1 b5 {A39: Symmetrical English vs ...g6: 4 Bg2 Bg7 5 Nf3 Nf6 6 0-0 0-0 7 d4.} 13. cxb5 axb5 14. Nxb5 Bf5 {White is slightly better.} 15. e4 Bd7 16. a4 Qb6 17. h3 {[#]} Rfd8 $146 ({Predecessor:} 17... Bxb5 18. axb5 Qxb5 19. Qxb5 Rxb5 20. b4 d5 21. exd5 Nxd5 22. Rc5 Rxc5 23. bxc5 e6 {1-0 (50) Gulko,B (2615)-Khalifman,A (2650) Yerevan 1996 CBM 053 [Ribli,Z]}) 18. Rfd1 Bxb5 19. axb5 Nd7 20. b4 (20. Bf1 {seems wilder.} Bxb2 21. Rc6 Qb7 22. Qc2 Ne5 23. Rc7) 20... Qxb5 21. Qxb5 Rxb5 22. Rc7 Bd4 23. Bf1 Rbb8 24. Bg5 f6 {[#] White must now prevent ...Bb6.} 25. Rxd4 fxg5 26. b5 Kf8 27. Be2 h5 28. Rd5 Ne5 (28... Rbc8 $11 29. Rxc8 Rxc8) 29. Rd2 ({White should play} 29. f4 $16 gxf4 30. gxf4) 29... Rb6 (29... Rxb5 $11 30. f4 Rb1+ 31. Kg2 gxf4 32. gxf4 Nf7) 30. Ra2 (30. f4 $16 Nf7 31. Ra2) 30... Rd7 (30... g4 $1 $11 {keeps the balance.}) 31. Rc8+ $16 Kg7 32. Raa8 (32. f4 $16 Nf7 33. Ra6) 32... g4 $1 $11 33. Rg8+ Kf7 $2 (33... Kh7 $11) 34. Raf8+ Ke6 35. hxg4 hxg4 {[#]} 36. Rf4 (36. f4 $1 $18 {White wants to mate with Rxg6+!} gxf3 37. Bf1) 36... Rdb7 37. Bxg4+ Nxg4 38. Rxg4 Rxb5 39. R8xg6+ $16 {[%mdl 4096] Endgame KRR-KRR} Kd7 40. Rf4 Re5 (40... Rb2 $14) 41. Kg2 Rb3 42. Rgg4 (42. g4 $18) 42... Rb4 43. Rh4 Ra4 44. f3 Rc5 45. Rf7 Re5 46. Rhh7 Raa5 47. g4 d5 48. exd5 Raxd5 49. f4 $2 (49. Rh8 $16) 49... Re3 $1 $11 {The position is equal.} 50. Kf2 Rdd3 51. g5 Rf3+ 52. Kg2 Rg3+ 53. Kf2 Rdf3+ 54. Ke2 Re3+ 55. Kf2 {Hoping for Rxe7+!} Ref3+ 56. Ke2 Re3+ {Av CentiPawn Loss W=-19/B=-18. Weighted=-25/-21} 1/2-1/2

[Event "XIV Figueira da Foz Open 2020"]
[Site "Figueira da Foz"]
[Date "2020.10.29"]
[Round "7.13"]
[White "Fonseca, Pedro Miguel Ramos"]
[Black "Silva, Pedro Gil Ferreira D"]
[Result "0-1"]
[WhiteElo "1590"]
[BlackElo "2034"]
[Annotator "TA"]
[PlyCount "47"]
[EventDate "2020.10.24"]
[EventType "swiss"]
[EventCountry "POR"]
[SourceTitle "playchess.com"]
[Source "ChessBase"]
[SourceQuality "1"]

{[%evp 11,47,34,86,35,40,5,22,14,12,0,0,0,0,9,44,39,45,15,18,-11,49,10,5,0,0,0,0,0,0,0,0,0,0,-15,-23,-22,35,34]} 1. e4 d5 2. exd5 Qxd5 3. Nc3 Qa5 4. Bc4 Nf6 5. d4 Bg4 6. Nge2 c6 (6... e6 $14) 7. O-O {B01: Scandinavian Defence.} ({Better is} 7. Bd2 $16) 7... e6 $14 8. Bd2 Nbd7 9. Nd5 {The position is equal.} Qd8 $1 {[#]} 10. Ndf4 $146 ({Predecessor:} 10. Nxf6+ Nxf6 11. c3 Qc7 12. Qc1 Nd5 13. h3 Bf5 14. Nf4 Bd6 15. Nxd5 exd5 16. Re1+ {½-½ (30) Boehm,M (1782)-Golder,W (1941) Oberhaching 2006}) 10... Bd6 11. h3 Bf5 12. Ng3 Bxf4 13. Bxf4 Bg6 14. Re1 O-O 15. h4 Nb6 (15... h6 $11) 16. Bb3 h6 17. h5 Bh7 18. c3 a5 19. a4 Nbd5 20. Be5 Qe7 21. f4 Nd7 {White must now prevent ...f6.} 22. Bxd5 cxd5 23. f5 Rae8 (23... Ra6 $11) 24. Qg4 {[%mdl 32768] Av CentiPawn Loss W=-11/B=-10. Weighted=-14/-10. Loss on time!?} 0-1

[Event "XIV Figueira da Foz Open 2020"]
[Site "Figueira da Foz"]
[Date "2020.10.29"]
[Round "7.14"]
[White "Morais, Mario Martins Freita"]
[Black "Roettgen, Juergen"]
[Result "1-0"]
[WhiteElo "1808"]
[BlackElo "2099"]
[Annotator "TA"]
[PlyCount "51"]
[EventDate "2020.10.24"]
[EventType "swiss"]
[EventCountry "POR"]
[SourceTitle "playchess.com"]
[Source "ChessBase"]
[SourceQuality "1"]

{[%evp 14,50,-9,0,0,0,0,0,0,0,1,0,87,87,150,131,336,87,81,33,172,172,180,183,156,143,212,214,415,424,724,724,834,820,817,804,895,887,29999]} 1. d4 d5 2. Nf3 Nf6 3. c4 c6 4. Nc3 dxc4 5. e3 b5 6. a4 b4 7. Na2 e6 8. Bxc4 Bd6 {D15: Slav Defence: 4 Nc3 a6 and gambit lines after 4 Nc3 dxc4.} 9. O-O O-O 10. Qe2 {[#]} Nbd7 $146 {The position is equal.} ({Predecessor:} 10... a5 11. e4 Be7 12. Bf4 Nbd7 13. Nc1 Nb6 14. Bd3 Nfd7 15. Nb3 c5 16. Rfd1 cxd4 17. Nbxd4 {1-0 (29) Bednarczyk,D (2032)-Prazmowski,B (1862) Karpacz 2010}) 11. e4 Be7 12. Bf4 Qa5 (12... a5 $11 {remains equal.}) 13. Nc1 $36 {[%mdl 2048] White is on the roll.} Qh5 (13... Bb7 $142) 14. Nd3 {Threatens to win with Bg5.} Bb7 $2 (14... Qa5 $16) 15. Bd2 $2 (15. Bg5 $1 $18 {Strongly threatening Nf4.} Bd6 16. e5 {[%mdl 64] Double Attack}) 15... Qa5 16. Nf4 e5 {[#]} (16... Nb6 $14) 17. Nd3 $1 $18 {[%cal Rd4e5]} exd4 {[#]} 18. e5 $1 {[%cal Re5f6]} (18. Nxd4 $6 Rfe8 $16) 18... Nd5 19. e6 N7f6 (19... N7b6 $16 {was necessary.} 20. exf7+ Rxf7) 20. exf7+ ({Much less strong is} 20. Nxd4 $6 Rae8 $16) 20... Rxf7 $2 (20... Kh8 {is a better defense.} 21. Rfe1 (21. Nxd4 Bd6 $16) 21... Bd6) 21. Ng5 Bc8 (21... Qc7 $142 22. Qe6 {[%mdl 64] Pin} Raf8 23. Nxf7 Rxf7) 22. Nxf7 Kxf7 23. Ne5+ Kf8 24. Nxc6 Qb6 25. Bxd5 {[%csl Gc6][%cal Re2e7]} Bg4 26. Qxe7# {Av CentiPawn Loss W=134/B=-124. Weighted=15/-155} 1-0

[Event "XIV Figueira da Foz Open 2020"]
[Site "Figueira da Foz"]
[Date "2020.10.29"]
[Round "7.15"]
[White "Guerreiro, Nuno"]
[Black "Marcal, Armando Paulo Gomes"]
[Result "1-0"]
[WhiteElo "2079"]
[BlackElo "1652"]
[Annotator "TA"]
[PlyCount "77"]
[EventDate "2020.10.24"]
[EventType "swiss"]
[EventCountry "POR"]
[SourceTitle "playchess.com"]
[Source "ChessBase"]
[SourceQuality "1"]

{[%evp 9,77,15,34,-6,-19,-20,0,-3,12,-10,9,3,28,-27,12,0,74,66,60,33,51,33,113,47,95,58,79,76,80,64,164,155,161,159,165,151,196,150,175,158,181,120,152,162,154,144,166,81,89,80,102,85,87,99,113,101,91,70,108,108,134,85,82,7,158,111,475,475,1431,1383]} 1. Nf3 Nf6 2. c4 c6 3. g3 g6 4. Bg2 Bg7 5. O-O O-O 6. Qc2 {A15: English Opening: 1...Nf6.} d5 {[#]} 7. Rd1 $146 ({Predecessor:} 7. b3 d4 8. d3 c5 9. b4 cxb4 10. a3 Nc6 11. axb4 Nxb4 12. Qa4 a5 13. Ba3 Bd7 14. Qb3 Bc6 15. Bxb4 axb4 16. Rxa8 Qxa8 17. Qxb4 {½-½ (32) Pantsulaia,L (2612)-Mamedov,R (2709) Riadh 2017}) 7... Na6 8. d3 {The position is equal.} Qb6 9. h3 dxc4 10. Qxc4 Be6 11. Qc2 (11. Qh4 $142) 11... Rfd8 (11... Nb4 $5 {[%cal Rb4c2]} 12. Qa4 Nxa2 $17) 12. Nc3 Nh5 (12... Nb4 $11 {keeps the balance.} 13. Qa4 c5) 13. Be3 $16 Qc7 14. a3 h6 15. Rac1 Rac8 ({Better is} 15... Qc8 $14) 16. Qa4 ({White should try} 16. Qd2 $16) 16... Bd7 17. Qh4 {And now Nd5! would win.} (17. Bxa7 Bxc3 18. bxc3 (18. Rxc3 c5 $15) 18... c5 $15) 17... Bf6 18. Qc4 $36 {[%mdl 2048] Black is under strong pressure.} Be6 19. Qa4 Qd7 (19... Bg7 $14) 20. g4 $18 ({Much less strong is} 20. Bxh6 Bxh3 21. Ne4 Bxg2 $16) 20... Ng7 21. Bxh6 Ne8 22. Be3 Nd6 23. Qf4 Bb3 24. Rf1 ({Not} 24. Bxa7 Bxd1 25. Rxd1 (25. Nxd1 Nc7 $11) 25... Nc7 $11) 24... Nc7 25. Qh6 (25. Bxa7 $18 Ne6 26. Qg3) 25... Bg7 26. Qh4 Ne6 27. Nd2 Bd5 28. b4 (28. Bxd5 $18 {is more deadly.} cxd5 29. Nxd5 Rxc1 30. Rxc1) 28... Bxg2 29. Kxg2 Nb5 30. Nxb5 cxb5 31. Ne4 b6 32. Rxc8 Rxc8 33. f4 Rc2 {[#]} 34. Rf2 $1 f5 35. gxf5 gxf5 36. Ng3 (36. Ng5 $16 {Black must now prevent Qh7+.} Nxg5 37. fxg5 (37. Qxg5 Kf8 $14)) 36... Nf8 $2 ({Black should play} 36... Bf6 $11 37. Qh6 Ng7) 37. Qg5 Qd5+ $2 {[%mdl 8192] [#]} (37... e6 $16) 38. Kh2 e6 (38... Nh7 $142 39. Qxe7 Qf7 40. Qd8+ Nf8) 39. Nh5 {Av CentiPawn Loss W=-23/B=-67. Weighted=-28/-61} 1-0

[Event "XIV Figueira da Foz Open 2020"]
[Site "Figueira da Foz"]
[Date "2020.10.29"]
[Round "7.16"]
[White "Movsisyan, Tigran"]
[Black "Dantas, Carlos"]
[Result "1/2-1/2"]
[WhiteElo "1730"]
[BlackElo "2126"]
[Annotator "TA"]
[PlyCount "80"]
[EventDate "2020.10.24"]
[EventType "swiss"]
[EventCountry "POR"]
[SourceTitle "playchess.com"]
[Source "ChessBase"]
[SourceQuality "1"]

{[%evp 9,80,67,73,61,58,66,58,25,24,36,79,74,128,112,161,164,167,86,86,86,86,86,86,75,115,116,121,114,163,162,154,116,158,135,142,116,144,97,185,55,55,55,58,58,51,57,47,33,29,33,24,21,41,6,40,40,54,41,41,41,60,37,26,16,7,6,42,42,42,42,78,42,114]} 1. e4 d5 2. exd5 Qxd5 3. Nf3 Nf6 4. Be2 Bg4 5. O-O Nc6 6. h3 {B01: Scandinavian Defence.} Bh5 7. d4 e6 8. c4 Qd7 9. Be3 a6 10. Qb3 {[#]} b6 $146 (10... Rb8 $142) ({Predecessor:} 10... Na5 11. Qc2 Bg6 12. Qc1 Nc6 13. Rd1 Qc8 14. Nc3 Bb4 15. d5 exd5 16. Nxd5 Nxd5 17. cxd5 {1-0 (44) Poloch,P (2291)-Spinelli,D (2144) Imperia 2004}) 11. Rd1 $36 {[%mdl 2048] White is really pushing.} Be7 12. Ne5 Na5 13. Nxd7 (13. Qc2 $18 Bg6 14. Qc1 (14. Nxd7 Bxc2 15. Rd2 Bf5 $14)) 13... Nxb3 14. Nxf6+ Bxf6 15. Bxh5 Nxa1 16. Na3 c5 {White should prevent ...cxd4.} 17. Rxa1 cxd4 18. Bf4 g6 19. Bf3 O-O-O 20. Rd1 d3 21. Rd2 Bd4 22. Be4 Rd7 23. Rxd3 f5 (23... Rhd8 $16 {keeps fighting.}) 24. Nc2 (24. Bd5 $1 $18 {[%cal Rd5e6]} exd5 25. Rxd4) 24... Rhd8 $14 25. Bd5 $1 {[%cal Rd5e6]} ({Not} 25. Nxd4 $2 Rxd4 26. Kf1 Rxd3 $19) 25... Bxf2+ $1 26. Kxf2 exd5 27. cxd5 Rxd5 28. Rxd5 Rxd5 29. Be3 Kb7 30. Kf3 a5 31. h4 Re5 32. Nd4 Re4 33. g3 a4 34. a3 Kc7 35. Bf4+ Kd7 36. Nb5 Kc6 37. Nc3 Rc4 38. Ke3 b5 $1 39. Kd3 Kb6 40. Bg5 Kc6 {White really could win this. Av CentiPawn Loss W=-15/B=-16. Weighted=-21/-17} (40... Rc8 $14) 1/2-1/2

[Event "XIV Figueira da Foz Open 2020"]
[Site "Figueira da Foz"]
[Date "2020.10.29"]
[Round "7.18"]
[White "Costa, Joao Guerra"]
[Black "Silva, Jose Lucas Ferreira"]
[Result "0-1"]
[WhiteElo "2150"]
[BlackElo "1336"]
[Annotator "TA"]
[PlyCount "86"]
[EventDate "2020.10.24"]
[EventType "swiss"]
[EventCountry "POR"]
[SourceTitle "playchess.com"]
[Source "ChessBase"]
[SourceQuality "1"]

{[%evp 9,86,-4,-1,-35,-44,-75,-33,-37,-33,-73,-78,-98,-98,-85,-69,-138,-131,-153,-112,-129,-95,-112,-113,-183,-104,-108,-98,-101,-71,-71,-66,-76,-64,-111,-74,-102,-107,-137,-137,-137,-136,-129,-122,-124,-137,-137,-129,-277,-278,-258,-260,-368,-360,-501,-501,-509,-508,-509,-509,-560,-520,-615,-585,-625,-617,-620,-598,-610,-603,-596,-589,-1101,-856,-3293,-2107,-4134,-1358,-1794,-1312]} 1. b3 e5 2. Bb2 Nc6 3. e3 g6 4. d4 Bg7 5. Bb5 exd4 6. Bxc6 {A01: Nimzowitsch-Larsen Opening.} dxc6 {[#]} 7. exd4 $146 {[#]} ({Predecessor:} 7. Bxd4 Nf6 8. Qc1 c5 9. Be5 O-O 10. Qb2 Re8 11. Bc3 b5 12. b4 cxb4 13. Qxb4 Nd5 14. Qc5 Nxc3 15. Nxc3 Qe7 {0-1 (15) Alcala Valiente,J (1998)-Vehi Bach,V (2318) Barcelona 2016}) 7... c5 $1 {[%cal Rc5d4][%mdl 512]} 8. Ne2 {Black is slightly better.} (8. dxc5 Qxd1+) 8... Ne7 9. O-O Nf5 {[%cal Rc5d4]} 10. Re1 O-O {[%cal Rc5d4]} ({Of course not} 10... cxd4 $6 11. Nxd4+ Kf8 12. Nxf5 $14) 11. c3 cxd4 12. cxd4 {[#]} (12. Nxd4 $15 Nxd4 13. cxd4) 12... c5 $1 $17 {[%mdl 512]} 13. Qc2 (13. dxc5 Qxd1) 13... Nxd4 14. Nxd4 Bxd4 15. Nc3 Bf5 16. Ne4 {[#]} (16. Qd2 $17 {was called for.}) 16... Bxe4 (16... Re8 $1 $19 17. Rad1 Qb6 18. Bxd4 cxd4) 17. Rxe4 Bxb2 18. Qxb2 Qd5 19. Rae1 Qc6 20. Qe2 Rad8 21. a4 a6 22. Qc2 Rfe8 23. Re7 Rxe7 24. Rxe7 {[%mdl 4096] Endgame KQR-KQR} Qd6 25. Re1 {[#]} Qd2 $1 $40 {[%cal Rd2e1][%mdl 128] White is in trouble.} 26. Re8+ Kg7 {( -> ...Qd1+)} 27. Qxd2 Rxd2 {KR-KR} 28. g4 {Loses the game.} (28. Kf1 $17 {is a better defense.}) 28... Rd3 $19 29. Rc8 Rxb3 30. Rxc5 (30. a5 $142) 30... Rb4 31. Rc7 Rxg4+ {Black is clearly winning.} 32. Kf1 Rxa4 33. Rxb7 Ra2 34. Kg2 a5 {[%cal Ba6a5,Ba5a4,Ba4a3,Ba3a2][%mdl 32]} 35. Ra7 a4 36. Kg3 a3 37. h4 Ra1 38. Kg2 a2 39. Kf3 h6 40. Kf4 g5+ 41. hxg5 hxg5+ 42. Kf5 {[#]} g4 $1 43. Ra4 {[#]} (43. Kxg4 Rg1+) 43... g3 $1 {Av CentiPawn Loss W=-106/B=-84. Weighted=-75/-60} 0-1

[Event "XIV Figueira da Foz Open 2020"]
[Site "Figueira da Foz"]
[Date "2020.10.29"]
[Round "7.19"]
[White "Santos, Luis Manuel Freire R"]
[Black "Fernandes, Rui Miguel"]
[Result "1-0"]
[WhiteElo "1891"]
[BlackElo "1027"]
[Annotator "NA RC"]
[PlyCount "73"]
[EventDate "2020.10.24"]
[EventType "swiss"]
[EventCountry "POR"]
[SourceTitle "playchess.com"]
[Source "ChessBase"]
[SourceQuality "1"]
[TimeControl "40/5400+30:1800+30"]

1. d4 Nf6 {[%emt 0:00:00]} 2. Nf3 {[%emt 0:04:56]} e6 {[%emt 0:01:25]} 3. c4 Nc6 {[%emt 0:02:55]} 4. e3 {[%emt 0:02:40]} Bb4+ 5. Nc3 Bxc3+ {[%emt 0:02:03]} 6. bxc3 {[%emt 0:01:27] E40: Nimzo-Indian: Rubinstein (4 e3): Unusual Black 4th moves.} O-O {[%emt 0:00:12]} 7. Bd3 {[%emt 0:00:14]} Re8 {[%emt 0:05:14]} 8. O-O {[%emt 0:06:53]} b6 {[%emt 0:03:55]} 9. e4 {[%emt 0:08:14]} e5 {[%emt 0:02:23]} ({Black should play} 9... d6 $14) 10. d5 {[%emt 0:04:29] [#]} (10. dxe5 $16 Nxe5 11. Nxe5 Rxe5 12. f4) 10... Na5 $146 {[%emt 0:03:26]} ({Predecessor:} 10... Nb8 11. Ba3 d6 12. Qc2 Na6 13. Bc1 Nd7 14. Be3 Nac5 15. Nd2 a5 16. Nb3 Nxd3 17. Qxd3 {0-1 (44) De Mello,J (1638)-Fonseca,L (1972) Porto Alegre 2016}) 11. Nh4 Nxe4 12. Qg4 {[%emt 0:12:19]} Nf6 {[%emt 0:02:53]} 13. Qg3 {[%emt 0:09:12]} e4 {[%emt 0:03:28]} (13... d6 $17 14. Nf5 Bxf5 15. Bxf5 Nxc4) 14. Nf5 {[%emt 0:04:43] [#]} Nh5 $1 {[%emt 0:01:48]} 15. Qg4 {[%emt 0:03:28] [#]} d6 {[%emt 0:02:42]} ({Black should play} 15... g6 $1 $17 16. Nh6+ (16. Bxe4 $2 Nf6 $19 {[%mdl 64] Double Attack}) 16... Kg7 17. Nf5+ (17. Bxe4 $2 Nf6 $19 {[%mdl 64] Double Attack}) 17... Kg8) 16. Bxe4 {[%emt 0:05:36]} Bxf5 {[%emt 0:02:27]} 17. Bxf5 {[%emt 0:04:29]} g6 {[%emt 0:01:50]} ({Black should play} 17... Nf6 $11 18. Qh4 h6) 18. Bd7 $2 {[%emt 0:04:17]} (18. Bg5 $11 {and White stays safe.} f6 19. Be6+ Kh8 20. Bh6) 18... Nf6 $1 {[%emt 0:01:44] Double Attack} 19. Bg5 {[%emt 0:07:44]} Nxg4 {[%emt 0:00:49]} 20. Bxd8 {[%emt 0:00:17]} Rexd8 {[%emt 0:01:48]} 21. Bxg4 {[%emt 0:00:16]} Nxc4 {[%emt 0:00:16]} 22. Rfe1 {[%emt 0:01:00]} Re8 {[%emt 0:01:01]} 23. Be2 {[%emt 0:01:00]} Ne5 {[%emt 0:02:52]} 24. f4 {[%emt 0:01:13]} Nd7 {[%emt 0:00:58]} 25. Bb5 {[%emt 0:00:29]} Rxe1+ {[%emt 0:01:33]} 26. Rxe1 {[%emt 0:00:01]} Nf6 {[%emt 0:01:16]} 27. Re7 {[%emt 0:01:30]} (27. Kf2 $17) 27... c5 $2 {[%emt 0:01:12]} (27... Nxd5 $19 28. Rd7 Nxc3) 28. dxc6 {[%emt 0:00:40]} Nd5 $2 {[%emt 0:03:21]} (28... a6 $1 $11 {and Black is okay.} 29. Ba4 Rc8) 29. Rb7 $18 {[%emt 0:01:01]} (29. Rd7 $142) 29... Nxc3 {[%emt 0:01:07]} 30. c7 {[%emt 0:02:15]} Rc8 {[%emt 0:03:01]} 31. Rb8 {[%emt 0:00:29]} Nxb5 {[%emt 0:05:14]} 32. Rxc8+ {[%emt 0:00:15]} Kg7 {[%emt 0:00:39]} 33. a4 {[%emt 0:00:00]} Nxc7 {[%emt 0:01:01]} 34. Rxc7 {[%emt 0:00:16]} a5 {[%emt 0:00:09]} 35. Rb7 {[%emt 0:00:24]} Kf6 {[%emt 0:00:53]} 36. Rxb6 {[%emt 0:00:23]} Ke6 {[%emt 0:00:06]} 37. Rb5 {[%emt 0:00:26]} 1-0

[Event "XIV Figueira da Foz Open 2020"]
[Site "Figueira da Foz"]
[Date "2020.10.30"]
[Round "8.1"]
[White "Grigoryan, Karen H."]
[Black "Santos, Jose Guilherme B Lim"]
[Result "1-0"]
[WhiteElo "2658"]
[BlackElo "2229"]
[Annotator "TA"]
[PlyCount "47"]
[EventDate "2020.10.24"]
[EventType "swiss"]
[EventCountry "POR"]
[SourceTitle "playchess.com"]
[Source "ChessBase"]
[SourceQuality "1"]

{[%evp 9,47,23,27,-2,0,5,20,20,44,25,29,34,45,60,39,20,61,29,30,0,0,0,57,51,74,79,164,157,154,144,155,152,172,177,174,199,333,171,349,352]} 1. e4 c5 2. Nf3 d6 3. d4 cxd4 4. Nxd4 Nf6 5. Nc3 a6 6. h4 {B90: Sicilian Najdorf: Unusual White 6th moves, 6 Be3 Ng4 and 6 Be3 e5.} e5 7. Nb3 Be6 8. f4 {The position is equal.} exf4 9. Bxf4 Nc6 10. Qd2 Be7 11. O-O-O Ng4 {[#]} 12. h5 $146 ({Much worse is} 12. Bxd6 Bxd6 13. Qxd6 Nf2 $17) ({Predecessor:} 12. g3 O-O 13. Bxd6 Bxd6 14. Qxd6 Nf2 15. Qf4 Nxd1 16. Nxd1 Nb4 17. Nc3 Bxb3 18. axb3 {0-1 (38) Vasilenok,A (2283)-Kalabukhov,B (2259) Novosibirsk 2017}) 12... Nce5 13. h6 Nxh6 14. Nd4 Nhg4 15. g3 Qd7 (15... Rc8 $11) 16. Bh3 $14 O-O-O {[#]} 17. Nf5 $1 {[%mdl 512]} Nf6 (17... Bxf5 $16 {was called for.} 18. exf5 Nf6) 18. Qf2 {Strongly threatening Bxe5.} Qc7 19. Nxg7 Bxh3 20. Rxh3 Rhg8 21. Nf5 Kb8 22. Qd4 Rge8 (22... h5 $142 23. Kb1 Nf3) 23. Kb1 (23. Rh6 $142) 23... Bf8 $2 (23... h5 {is a better defense.} 24. a3 Rc8) 24. Bg5 {Av CentiPawn Loss W=-13/B=-32. Weighted=-18/-44} 1-0

[Event "XIV Figueira da Foz Open 2020"]
[Site "Figueira da Foz"]
[Date "2020.10.30"]
[Round "8.2"]
[White "Martin Duque, Jesus"]
[Black "Batsiashvili, Nino"]
[Result "0-1"]
[WhiteElo "2426"]
[BlackElo "2467"]
[Annotator "TA"]
[PlyCount "110"]
[EventDate "2020.10.24"]
[EventType "swiss"]
[EventCountry "POR"]
[SourceTitle "playchess.com"]
[Source "ChessBase"]
[SourceQuality "1"]

{[%evp 13,110,9,8,7,12,12,41,43,73,74,62,65,106,45,57,-17,-18,-10,-18,-29,18,-30,-15,-83,-76,-82,-78,-66,-43,-131,-129,-147,-127,-115,-104,-102,-16,-68,-49,-53,43,70,56,74,89,89,100,89,89,81,71,79,97,102,75,3,3,0,25,63,74,52,40,50,72,32,43,-27,-16,-27,0,-33,-52,-52,-19,-95,-80,-96,-80,-293,-339,-559,-574,-526,-535,-688,-697,-706,-708,-698,-679,-610,-654,-583,-580,-29982,-29983,-29982,-29982]} 1. e4 e5 2. Nf3 Nc6 3. Bb5 a6 4. Ba4 Nf6 5. Bxc6 dxc6 6. d3 Nd7 7. Nbd2 Bd6 8. Nc4 {C77: Ruy Lopez: 3...a6 4 Ba4 Nf6, unusual lines.} c5 9. O-O {[#]} h6 $146 ({Predecessor:} 9... O-O 10. Nfd2 b5 11. Ne3 Re8 12. a4 c6 13. Nf5 Bf8 14. Nb3 g6 15. Ne3 Bd6 16. axb5 cxb5 17. c4 Nb6 {½-½ (50) Delgado Ramirez,N (2592)-Bachmann,A (2614) Asuncion 2015}) 10. a4 {White is slightly better.} a5 11. b3 Qe7 12. Bb2 g5 13. Qe1 (13. Nfd2 $16) 13... b6 $14 14. Qc3 (14. Ne3 $14) 14... f6 $11 15. Ne3 Nb8 16. Nf5 Qf7 (16... Bxf5 $5 17. exf5 Nc6 $15) 17. Nd2 Nc6 18. Nc4 (18. Nxd6+ $11 cxd6 19. Nc4) 18... Bxf5 $17 19. exf5 {[#]} Nd4 $1 {[%cal Rd4e2] And now ...Ne2+ would win.} 20. Rae1 O-O-O 21. Qd2 (21. Ne3 $15) 21... Nxf5 22. Bc3 Ne7 23. Qe2 h5 24. Qf3 {[%cal Rc3e5] next Bxe5 is good for White.} g4 ({Better is} 24... Qe6 $17) 25. Qa8+ Kd7 26. Qb7 Nd5 {[#]} (26... Rb8 $1 $15 27. Qe4 Nd5) 27. Bxe5 $1 $14 {[%mdl 512]} Rb8 ({Don't go for} 27... Bxe5 $2 28. Rxe5 Nb4 29. Nxb6+ Kd6 30. Nc4+ Qxc4 31. dxc4 $18) 28. Nxd6 Rxb7 29. Nxf7 Rh7 30. Bxf6 Rxf7 31. Bh4 Nb4 32. Re2 Rb8 33. Rfe1 Nc6 34. c3 (34. Rd2 $16) 34... b5 $1 $11 35. Re6 bxa4 (35... b4 $5 {[%cal Rb4c3]} 36. c4 Nd4 $14) 36. bxa4 Rb3 {[#]} 37. Rh6 $1 Rxc3 38. Rxh5 Nb4 39. Rd1 Kc6 40. d4 (40. Rg5 $14) 40... cxd4 41. Rxa5 Rc5 42. Rb5 (42. Ra8 {is interesting.} Nd5 43. Rg8 Nc3 44. Rd2 Ne4 45. Rd1) 42... Rxb5 43. axb5+ $15 {[%mdl 4096] Endgame KRB-KRN} Kc5 44. Bg5 (44. f3 $1 $11) 44... d3 45. Bd2 Kxb5 46. Re1 $2 {This move loses the game for White.} (46. Bxb4 $17 {was necessary.} Kxb4 47. Rxd3) 46... c5 $19 47. Kf1 $2 (47. Re5) 47... Ra7 48. Rb1 Ra2 49. Ke1 Kc4 50. h4 gxh3 51. gxh3 Nc2+ 52. Kf1 Nd4 53. Be3 d2 54. Bxd4 cxd4 55. Ke2 d3+ {Av CentiPawn Loss W=-42/B=-9. Weighted=-34/-9} 0-1